Central Library OPAC University of Rajshahi

The future of man / (Record no. 29726)

MARC details
000 -LEADER
fixed length control field 00788cam a2200265 a 4500
001 - CONTROL NUMBER
control field 29726
003 - CONTROL NUMBER IDENTIFIER
rucl marc code BD-RjUL
005 - DATE AND TIME OF LATEST TRANSACTION
control field 20211209051442.0
008 - FIXED-LENGTH DATA ELEMENTS--GENERAL INFORMATION
fixed length control field 921029t19601959enk 000 0 eng d
035 ## - SYSTEM CONTROL NUMBER
System control number (BD-RjUL)29811
040 ## - CATALOGING SOURCE
Original cataloging agency BD-RjUL
Language of cataloging eng
Transcribing agency BD-RjUL
Modifying agency BD-RjUL
041 ## - LANGUAGE CODE
Language code of text/sound track or separate title eng
082 ## - DEWEY DECIMAL CLASSIFICATION NUMBER
Edition number 23
Classification number 599.935
Author mark and year MEF 1960
100 1# - MAIN ENTRY--PERSONAL NAME
Personal name Medawar, P. B.
Fuller form of name (Peter Brian),
Dates associated with a name 1915-1987.
9 (RLIN) 154871
245 14 - TITLE STATEMENT
Title The future of man /
Statement of responsibility, etc. by P.B. Medawar.
260 ## - PUBLICATION, DISTRIBUTION, ETC. (IMPRINT)
Place of publication, distribution, etc. London :
Name of publisher, distributor, etc. Methuen,
Date of publication, distribution, etc. c1959 [1960].
300 ## - PHYSICAL DESCRIPTION
Pagination 128 p. ;
Size 19 cm.
490 1# - SERIES STATEMENT
Series statement The Reith lectures ;
Volume/sequential designation 1959
500 ## - GENERAL NOTE
General note "The BBC Reith lecture 1959."
650 #0 - SUBJECT ADDED ENTRY--TOPICAL TERM
Topical term or geographic name as entry element Human genetics.
9 (RLIN) 154872
Topical term or geographic name as entry element Human beings.
9 (RLIN) 154873
830 #0 - SERIES ADDED ENTRY--UNIFORM TITLE
Uniform title Reith lectures ;
Volume number/sequential designation 1959.
942 ## - ADDED ENTRY ELEMENTS (KOHA)
Source of classification or shelving scheme Dewey Decimal Classification
Koha item type Books
Holdings
Lost status Source of classification or shelving scheme Damaged status Not for loan Collection code Permanent Location Current Location Shelving location Date acquired Source of acquisition Cost, normal purchase price Total Checkouts Full call number Date last seen Copy number Koha item type
  Dewey Decimal Classification   Not For Loan Non-fiction Central Library, University of Rajshahi Central Library, University of Rajshahi Reading Room 08/05/1968 Zeitlinger 10.60   599.935 MEF 1960 03/09/2016 C-1 Books
  Dewey Decimal Classification     Non-fiction Central Library, University of Rajshahi Central Library, University of Rajshahi   08/05/1968 Zeitlinger 10.60   599.935 MEF 1960 20/05/2017 C-3 Books
  Dewey Decimal Classification     Non-fiction Central Library, University of Rajshahi Central Library, University of Rajshahi   08/05/1968 Zeitlinger 10.60   599.935 MEF 1960 20/05/2017 C-2 Books